Modern India : (Record no. 131099)

MARC details
000 -LEADER
fixed length control field 00767nam a22002417a 4500
003 - CONTROL NUMBER IDENTIFIER
control field dpl
005 - DATE AND TIME OF LATEST TRANSACTION
control field 20180524142304.0
008 - FIXED-LENGTH DATA ELEMENTS--GENERAL INFORMATION
fixed length control field 180524b xxu||||| |||| 00| 0 eng d
010 ## - LIBRARY OF CONGRESS CONTROL NUMBER
LC control number A-991978
020 ## - INTERNATIONAL STANDARD BOOK NUMBER
Terms of availability 395.00
International Standard Book Number 8173410674
035 ## - SYSTEM CONTROL NUMBER
System control number A-991978, A-991982
037 ## - SOURCE OF ACQUISITION
Source of stock number/acquisition Cen Lib/Ret
040 ## - CATALOGING SOURCE
Original cataloging agency DPL
Language of cataloging EN
Transcribing agency 0
082 ## - DEWEY DECIMAL CLASSIFICATION NUMBER
Classification number 954.08
Item number CHA
100 ## - MAIN ENTRY--PERSONAL NAME
Personal name Chander, Prakash
9 (RLIN) 30146
245 ## - TITLE STATEMENT
Title Modern India :
Statement of responsibility, etc by Prakash Chander
Remainder of title 1757-1947 /
260 ## - PUBLICATION, DISTRIBUTION, ETC. (IMPRINT)
Place of publication, distribution, etc Delhi
Name of publisher, distributor, etc Indian Publishers
Date of publication, distribution, etc 1999
270 ## - ADDRESS
Address 156-D, Kamla Nagar
City Delhi
Postal code 110007
300 ## - PHYSICAL DESCRIPTION
Extent viii,317p.
Dimensions 19cm(Hb)
650 ## - SUBJECT ADDED ENTRY--TOPICAL TERM
Topical term or geographic name as entry element British Occupation of India (1765-1947)
9 (RLIN) 30821
650 ## - SUBJECT ADDED ENTRY--TOPICAL TERM
Topical term or geographic name as entry element India -- History -- British occupation, 1765-1947
9 (RLIN) 30822
942 ## - ADDED ENTRY ELEMENTS (KOHA)
Source of classification or shelving scheme Dewey Decimal Classification
Koha item type English Books
Classification part 954.08
Call number suffix CHA
Holdings
Withdrawn status Lost status Damaged status Not for loan Home library Current library Date acquired Source of acquisition Cost, normal purchase price Total Checkouts Full call number Barcode Date last seen Copy number Cost, replacement price Price effective from Koha item type Public note Source of classification or shelving scheme Collection code Date checked out
Written off       Central Library Central Library 13/07/2015 Cen Lib/Ret 395.00   954.08 CHA A-991978 13/07/2015 1 395.00 13/07/2015 English Books Written off on approval by DLB (By Circulation); dtd 15-06-2023      
        Shahdara Branch Shahdara Branch 24/05/2018 BPPD/PUB 395.00 1 954.08 CHA A-991982 23/08/2019   395.00 24/05/2018 English Books   Dewey Decimal Classification Non-fiction 11/08/2019

© Delhi Public Library
Hit Counter
free hit counter